Memoria y balance que la comisión protectora en Buenos Aires de la Biblioteca América de la Universidad de Santiago presenta a sus asociados. (Record no. 102095)

MARC details
000 -LEADER
campo de control de longitud fija 00644nam a2200169 i 4500
001 - NÚMERO DE CONTROL
campo de control 102095
003 - IDENTIFICADOR DE NÚMERO DE CONTROL
campo de control ES-MaACL
005 - FECHA Y HORA DE LA ÚLTIMA TRANSACCIÓN
campo de control 20230906183037.0
007 - CAMPO FIJO DE DESCRIPCIÓN FÍSICA--INFORMACIÓN GENERAL
campo de control de longitud fija t|
008 - DATOS DE LONGITUD FIJA--INFORMACIÓN GENERAL
campo de control de longitud fija 051103s1928 sp ||||1| spa d
110 2# - ENTRADA PRINCIPAL--NOMBRE DE ENTIDAD CORPORATIVA
Nombre de entidad corporativa o nombre de jurisdicción como elemento de entrada Universidad de Santiago de Compostela.
Unidad subordinada Biblioteca América.
9 (RLIN) 172991
245 10 - MENCIÓN DEL TÍTULO
Título Memoria y balance que la comisión protectora en Buenos Aires de la Biblioteca América de la Universidad de Santiago presenta a sus asociados.
260 ## - PUBLICACIÓN, DISTRIBUCIÓN, ETC.
Lugar de publicación, distribución, etc. Buenos Aires :
Nombre del editor, distribuidor, etc. Iberia,
Fecha de publicación, distribución, etc. 1928.
300 ## - DESCRIPCIÓN FÍSICA
Extensión 32 p. ;
Dimensiones 18 cm.
610 2# - PUNTO DE ACCESO ADICIONAL DE MATERIA--NOMBRE DE ENTIDAD CORPORATIVA
Nombre de entidad corporativa o nombre de jurisdicción como elemento de entrada Universidad de Santiago de Compostela.
Unidad subordinada Biblioteca América.
9 (RLIN) 172991
852 ## - LOCALIZACIÓN
Ubicación ES-MaACL
Número de control de estantería 1730-F-18
Holdings
Estatus retirado Estado de pérdida Estado de daño No para préstamo Colección Biblioteca de origen Biblioteca actual Ubicación en estantería Fecha de adquisición Fuente de adquisición Total de préstamos Signatura topográfica completa Código de barras Visto por última vez Precio de reemplazo Tipo de ítem Koha
        Colección de folletos Biblioteca del Ateneo de Madrid Biblioteca del Ateneo de Madrid Depósito folletos 17/01/2008     1730-F-18 1106580 23/02/2023 23/02/2023 Folleto